Southville International School and Colleges
Your cart is empty.
  • Cart
  • Lists
    Public lists Eva Luna New books Lux_list list_1
    Your lists Log in to create your own lists
  • Log in to your account
  • Your cookies
  • Search history
Southville International School and Colleges
  • Advanced search
  • Recent comments
  • Most popular
  • Libraries

Log in to your account

Log in with GOOGLE


If you do not have an external account, but do have a local account, you can still log in:

  1. Home
  2. MARC view: Children of the ever-changing moon :
Normal view MARC view ISBD view

Children of the ever-changing moon : (Record no. 340453)

[ view plain ]
MARC details
000 -LEADER
fixed length control field 00685nam a2200253Ia 4500
008 - FIXED-LENGTH DATA ELEMENTS--GENERAL INFORMATION
fixed length control field 170712s9999 xx 000 0 und d
020 ## - INTERNATIONAL STANDARD BOOK NUMBER
International Standard Book Number 9789712719462
050 ## - LIBRARY OF CONGRESS CALL NUMBER
Classification number 829
050 ## - LIBRARY OF CONGRESS CALL NUMBER
Item number M277 2007
100 ## - MAIN ENTRY--PERSONAL NAME
Personal name Mangansakan, Gutierrez
245 ## - TITLE STATEMENT
Title Children of the ever-changing moon :
245 ## - TITLE STATEMENT
Remainder of title essays by young moro writers /
245 ## - TITLE STATEMENT
Statement of responsibility, etc by Gutierrez Mangansakan and Young Moro writers.
260 ## - PUBLICATION, DISTRIBUTION, ETC. (IMPRINT)
Place of publication, distribution, etc Philippines :
260 ## - PUBLICATION, DISTRIBUTION, ETC. (IMPRINT)
Name of publisher, distributor, etc Anvil,
260 ## - PUBLICATION, DISTRIBUTION, ETC. (IMPRINT)
Date of publication, distribution, etc 2007
300 ## - PHYSICAL DESCRIPTION
Extent 119 pages :
300 ## - PHYSICAL DESCRIPTION
Other physical details illustrations ;
300 ## - PHYSICAL DESCRIPTION
Dimensions 20cm.
500 ## - GENERAL NOTE
General note Includes glossary.
650 ## - SUBJECT ADDED ENTRY--TOPICAL TERM
Topical term or geographic name as entry element Philippine essays (English).
650 ## - SUBJECT ADDED ENTRY--TOPICAL TERM
Topical term or geographic name as entry element Young Moro writers.
650 ## - SUBJECT ADDED ENTRY--TOPICAL TERM
General subdivision Title.

No items available.

Children of the ever-changing moon :

APA

Mangansakan G., .Children of the ever-changing moon. Philippines: .

Chicago

Mangansakan Gutierrez, .Children of the ever-changing moon. Philippines: .

Harvard

Mangansakan G., .Children of the ever-changing moon. Philippines: .

MLA

Mangansakan Gutierrez, .Philippines: . .

  • Print
  • Cite
  • Add to your cart (remove)
  • Save record
    BIBTEX Dublin Core MARCXML MARC (non-Unicode/MARC-8) MARC (Unicode/UTF-8) MARC (Unicode/UTF-8, Standard) MODS (XML) RIS
  • More searches
    Search for this title in:
    Other Libraries (WorldCat) Other Databases (Google Scholar) Online Stores (Bookfinder.com) Open Library (openlibrary.org)

Exporting to Dublin Core...

SOUTHVILLE LIBRARY

Southville International School and Colleges Library

1281 Tropical Ave. Cor. Luxembourg St., BF Homes International, Las Pinas City

Tel. No. 8256374 / 252358 Loc. 117/146

Powered by Koha